| 000 | 00842nam a2200265 4500 | ||
|---|---|---|---|
| 001 | |||
| 003 | |||
| 005 | 20220407115613.0 | ||
| 008 | 020422s2002 sp | ||| ||spa | ||
| 020 | _a8480887400 | ||
| 040 |
_aBPMSU _bspa _cBPMSU _e |
||
| 082 |
_a658.409 _bM764 L 2002 _222 |
||
| 100 | 1 |
_aMontaner, Ramón _0 |
|
| 245 | 1 | 0 |
_aLeonardo, el primero que se comió el queso : _h _bo las grandes lecciones de Leonardo da Vinci para dirigir con éxito el cambio de época / _cRamón Montaner |
| 260 |
_aBarcelona : _bGestión 2000, _c2002 |
||
| 300 |
_a246 p. ; _c23 cm _b |
||
| 504 | _aBibliografía: p. 243-246 | ||
| 590 | _6Inventariado, 2022/VM | ||
| 600 | 4 |
_aLeonardo da Vinci _d1452-1519 |
|
| 650 | 4 |
_aCambio organizacional _2 |
|
| 650 | 4 |
_aCambio (Psicología) _2 |
|
| 910 | _aVMateo V. | ||
| 942 |
_2ddc _cBK |
||
| 956 | _a | ||
| 999 |
_c14147 _d14147 |
||